Urban flood risk and integrated drainage pilot studies (Record no. 106346)

MARC details
000 -LEADER
fixed length control field 01047cab a2200205 4500
001 - CONTROL NUMBER
control field L136230
008 - FIXED-LENGTH DATA ELEMENTS--GENERAL INFORMATION
fixed length control field 070118n2007 000 0 eng u
035 ## - SYSTEM CONTROL NUMBER
System control number (Sirsi) u136230
041 0# - LANGUAGE CODE
Language code of text/sound track or separate title eng
050 04 - LIBRARY OF CONGRESS CALL NUMBER
Classification number 711.26 $2 18
110 1# - MAIN ENTRY--CORPORATE NAME
Corporate name or jurisdiction name as entry element United Kingdom
Subordinate unit Department for Environment, Food and Rural Affairs
245 00 - TITLE STATEMENT
Title Urban flood risk and integrated drainage pilot studies
Medium [electronic resource]
260 ## - PUBLICATION, DISTRIBUTION, ETC.
Place of publication, distribution, etc. London
Name of publisher, distributor, etc. DEFRA
Date of publication, distribution, etc. 2007
520 ## - SUMMARY, ETC.
Summary, etc. Details of 15 pilot studies from across the country on integrated urban drainage. The pilots will provide new tools and techniques for mapping and managing surface water following heavy rainfall events and bring more clarity on responsibilities for those managing urban flooding.
590 ## - LOCAL NOTE (RLIN)
Local note KA
651 #4 - SUBJECT ADDED ENTRY--GEOGRAPHIC NAME
Geographic name England
Chronological subdivision 886-
690 ## - LOCAL SUBJECT ADDED ENTRY--TOPICAL TERM (OCLC, RLIN)
Topical term or geographic name as entry element ENVIRONMENTAL AND LAND CONSULTANCY-WATER RESOURCE MANAGEMENT-DRAINAGE-SUSTAINABLE URBAN DRAINAGE SYSTEMS
856 40 - ELECTRONIC LOCATION AND ACCESS
Uniform Resource Identifier <a href="https://www.defra.gov.uk/environ/fcd/policy/strategy/ha2.htm">https://www.defra.gov.uk/environ/fcd/policy/strategy/ha2.htm</a>
Public note View the pilot details free of charge at www.defra.gov.uk...
942 ## - ADDED ENTRY ELEMENTS (KOHA)
Suppress in OPAC 0
Holdings
Withdrawn status Lost status Source of classification or shelving scheme Damaged status Not for loan Home library Current library Shelving location Date acquired Total Checkouts Full call number Barcode Date last seen Copy number Price effective from Koha item type
    Dewey Decimal Classification     Virtual Virtual Online 18/01/2007   ONLINE PUBLICATION 136230-1001 06/08/2019 1 06/08/2019 Journal article